Sports Quiz

Random Sports or NHL Quiz

NHL 1000 Games for One Franchise Quiz Stats

 Plays Quiz not verified by Sporcle

Score 0/61 Timer 15:00
0 Plays Today
Games Played Player % Correct
1034*Joe Thornton
100%
1306Daniel Sedin
94.6%
1084*Alex Ovechkin
92.3%
1514Steve Yzerman
91.9%
1564Nicklas Lidstrom
88.8%
1459Mike Modano
88.1%
1330Henrik Sedin
87.1%
1687Gordie Howe
86.7%
1240Patrick Elias
84.3%
1378Joe Sakic
83.6%
1037Vincent Lecavalier
83.5%
1259Martin Brodeur
83.4%
1036Bobby Hull
79.8%
1540Shane Doan
79.6%
1518Ray Bourque
77.8%
1082Henrik Zetterberg
76.9%
1144Bobby Clarke
75.5%
1028*Patrice Bergeron
75%
1077*Duncan Keith
75%
1003*Anze Kopitar
75%
1256Henri Richard
73.7%
1394Stan Mikita
73%
1186Ron Francis
72.8%
1123Bryan Trottier
72.6%
1082*Brent Seabrook
69.2%
1129Brian Leetch
66.1%
1125Jean Beliveau
65.8%
1179Chris Phillips
65.7%
1140Trevor Linden
65.6%
1191Gilbert Perreault
63.6%
1060Denis Potvin
63.4%
Games Played Player % Correct
1020Milan Hejduk
62.4%
1077Luc Robitaille
62.2%
1117*Dustin Brown
61.5%
1436John Bucyk
59.1%
1202Larry Robinson
57.8%
1219Jarome Iginla
53.5%
1137Kris Draper
53.3%
1549Alex Delvecchio
51.2%
1283Ken Daneyko
48.5%
1065Rod Gilbert
47.4%
1111Dave Taylor
44.9%
1099Borje Salming
44.7%
1026Chris Neil
43.5%
1178Daniel Alfredsson
43.4%
1037Kevin Lowe
40%
1098Teppo Numminen
39.6%
1026Tomas Holmstrom
39.2%
1062Dave Keon
36%
1160Bob Gainey
34.8%
1185Tim Horton
31.5%
1187George Armstrong
28.1%
1493*Patrick Marleau
27.4%
1027Wayne Cashman
20.4%
1160Harry Howell
19.3%
1070Craig Ramsay
15.5%
1008Bob Murray
14.6%
1034Ron Ellis
13.3%
1052Don Sweeney
12.8%
1013Eric Nesterenko
7.6%
1005Claude Provost
7%

You're not logged in!

Compare scores with friends on all Sporcle quizzes.
OR
Log In

Sporcle TV

Today on Sporcle TV


Watch our educational content, quiz creation guides, and fun videos on Sporcle TV.

Show Comments

Extras

Top Quizzes Today


Score Distribution

Your Account Isn't Verified!

In order to create a playlist on Sporcle, you need to verify the email address you used during registration. Go to your Sporcle Settings to finish the process.

Report this User

Report this user for behavior that violates our Community Guidelines.

Details: